Peter of Celle, selected works / (Record no. 121442)
[ view plain ]
| 000 -LEADER | |
|---|---|
| fixed length control field | 00924cam a2200289 a 4500 |
| 001 - CONTROL NUMBER | |
| control field | 1948652 |
| 003 - CONTROL NUMBER IDENTIFIER | |
| control field | ARRUPE |
| 005 - DATE AND TIME OF LATEST TRANSACTION | |
| control field | 20150108134509.0 |
| 008 - FIXED-LENGTH DATA ELEMENTS--GENERAL INFORMATION | |
| fixed length control field | 870304s1987 miu b 000 0 eng |
| 010 ## - LIBRARY OF CONGRESS CONTROL NUMBER | |
| LC control number | 87006579 |
| 020 ## - INTERNATIONAL STANDARD BOOK NUMBER | |
| International Standard Book Number | 0879076003 |
| 040 ## - CATALOGING SOURCE | |
| Original cataloging agency | DLC |
| Transcribing agency | DLC |
| Modifying agency | DLC |
| 041 1# - LANGUAGE CODE | |
| Language code of text/sound track or separate title | eng |
| Language code of original and/or intermediate translations of text | lat |
| 050 00 - LIBRARY OF CONGRESS CALL NUMBER | |
| Classification number | BX1749 |
| Item number | .P34213 1987 |
| 082 00 - DEWEY DECIMAL CLASSIFICATION NUMBER | |
| Classification number | 230/.2 |
| Edition number | 19 |
| 300 ## - PHYSICAL DESCRIPTION | |
| Dimensions | 23 cm. |
| 100 0# - MAIN ENTRY--PERSONAL NAME | |
| Personal name | Peter of Celle |
| Titles and other words associated with a name | of Celle |
| Dates associated with a name | approximately 1115-1183. |
| 9 (RLIN) | 13218 |
| 240 10 - UNIFORM TITLE | |
| Uniform title | <a href="Works.">Works.</a> |
| Form subheading | Selections. |
| Language of a work | English. |
| Date of a work | 1987 |
| 245 10 - TITLE STATEMENT | |
| Title | Peter of Celle, selected works / |
| Statement of responsibility, etc | translated by Hugh Feiss. |
| 260 ## - PUBLICATION, DISTRIBUTION, ETC. (IMPRINT) | |
| Place of publication, distribution, etc | Kalamazoo, Mich. : |
| Name of publisher, distributor, etc | Cistercian Publications, |
| Date of publication, distribution, etc | c1987. |
| 300 ## - PHYSICAL DESCRIPTION | |
| Extent | iv, 203 p. ; |
| 440 #0 - SERIES STATEMENT/ADDED ENTRY--TITLE | |
| Title | Cistercian studies series ; |
| Volume number/sequential designation | no. 100 |
| 9 (RLIN) | 13219 |
| 504 ## - BIBLIOGRAPHY, ETC. NOTE | |
| Bibliography, etc | Bibliography: p. 191-203. |
| 650 #0 - SUBJECT ADDED ENTRY--TOPICAL TERM | |
| Topical term or geographic name as entry element | Theology. |
| 9 (RLIN) | 13220 |
| 700 1# - ADDED ENTRY--PERSONAL NAME | |
| Personal name | Feiss, Hugh (tr) |
| 9 (RLIN) | 13221 |
| 906 ## - LOCAL DATA ELEMENT F, LDF (RLIN) | |
| a | 7 |
| b | cbc |
| c | orignew |
| d | 1 |
| e | ocip |
| f | 19 |
| g | y-gencatlg |
| 942 ## - ADDED ENTRY ELEMENTS (KOHA) | |
| Source of classification or shelving scheme | Library of Congress Classification |
| Koha item type | Monograph ( Printed materials) |
| Withdrawn status | Lost status | Source of classification or shelving scheme | Damaged status | Not for loan | Collection code | Home library | Current library | Shelving location | Date acquired | Total Checkouts | Full call number | Barcode | Date last seen | Price effective from | Koha item type |
|---|---|---|---|---|---|---|---|---|---|---|---|---|---|---|---|
| Library of Congress Classification | Main Collection | ARRUPE LIBRARY | ARRUPE LIBRARY | Main Collection | 10/12/2014 | BX3456.P41 F299 1987 | 46500003492 | 22/11/2017 | 10/12/2014 | Monograph ( Printed materials) |